Skippers of the genus Hesperia in western north America with special reference to California (Lepidoptera (Registro nro. 2324)

Detalles MARC
000 -CABECERA
Campo de control 00711nam a2200229 a 4500
005 - FECHA Y HORA DE LA ULTIMA TRANSACCION
Campo de control 20140305095913.0
008 - ELEMENTOS DE LONGITUD FIJA—INFORMACION GENERAL
Campo de control 140305b1964 cau||||| |||| 00| 0 eng d
041 ## - IDIOMA
Código de idioma para texto/pista de sonido o título separado Inglés
090 ## - CLASIFICACIÓN LOCAL
Colección LB
Consecutivo 02147
100 ## - ASIENTO PRINCIPAL--NOMBRE PERSONAL
Nombre personal MacNeill, C. Don
245 ## - MENCION DE TITULO
Título Skippers of the genus Hesperia in western north America with special reference to California (Lepidoptera
Parte restante del título Hesperiidae)
260 ## - PUBLICACION, DISTRIBUCION, ETC. (PIE DE IMPRENTA)
Lugar de publicación, distribución, etc. California
Nombre del editor, distribuidor, etc. National Geographic Society
Fecha de publicación, distribución, etc. 1964
300 ## - DESCRIPCION FISICA
Extensión 230
650 ## - ASIENTO SECUNDARIO DE MATERIA - TERMINO TEMATICO
Término temático o nombre geográfico como elemento de entrada Hesperia
650 ## - ASIENTO SECUNDARIO DE MATERIA - TERMINO TEMATICO
Término temático o nombre geográfico como elemento de entrada Lepidoptera
650 ## - ASIENTO SECUNDARIO DE MATERIA - TERMINO TEMATICO
Término temático o nombre geográfico como elemento de entrada Hesperiidae
650 ## - ASIENTO SECUNDARIO DE MATERIA - TERMINO TEMATICO
Término temático o nombre geográfico como elemento de entrada Sistemática
650 ## - ASIENTO SECUNDARIO DE MATERIA - TERMINO TEMATICO
Término temático o nombre geográfico como elemento de entrada Estados larvales
650 ## - ASIENTO SECUNDARIO DE MATERIA - TERMINO TEMATICO
Término temático o nombre geográfico como elemento de entrada Taxonomía
662 ## - ASIENTO SECUNDARIO DE MATERIA - JERARQUIA DEL NOMBRE DE LUGAR(
Jurisdicción política intermedia América del Norte
942 ## - ELEMENTOS ADICIONALES (KOHA)
Tipo de ítem Impreso
Sistema de clasificación Local
Existencias
Withdrawn status Lost status Sistema de Clasificación Damaged status No para préstamo Colección Inventariado Ubicación Permanente Ubicación actual Fecha de adquisición Fuente de Valor Total Checkouts Número topográfico Inventario / Código de Barras Date last seen Ejemplar Price effective from Forma de adquisición Tipo de material
    Local     Entomología Inventariado 2017 Villa de Leyva Villa de Leyva 08/06/2001 Amazon   LB-02147 002884 04/12/2012 Ej. 1 04/12/2012   Libro